Communities of supportive professionals

Spremljeno u:
Bibliografski detalji
Format: Knjiga
Jezik:Undetermined
Izdano: Alexandria Teachers of English to Speakers of Other Languages, Inc. 2005
Teme:
Oznake: Dodaj oznaku
Bez oznaka, Budi prvi tko označuje ovaj zapis!
Thư viện lưu trữ: Trung tâm Học liệu Trường Đại học Cần Thơ
LEADER 00729nam a2200193Ia 4500
001 CTU_156090
008 210402s9999 xx 000 0 und d
020 |c 20.95 
082 |a 428.0071 
082 |b C734/Vol.4 
245 0 |a Communities of supportive professionals 
245 0 |c Tim Murphey, Kazuyoshi Sato 
260 |a Alexandria 
260 |b Teachers of English to Speakers of Other Languages, Inc. 
260 |c 2005 
650 |a English language,English teachers,Tiếng Anh,Giáo viên tiếng Anh 
650 |x Study and teaching,Foreign speakers,Training of,Dạy và học,Người nói ngoại ngữ,Sự đào tạo 
904 |i Năm 
980 |a Trung tâm Học liệu Trường Đại học Cần Thơ